01277nam a2200217 a 450000500170000000800410001704100080005810000320006624500590009826000530015730000110021050000150022152006020023665000190083865000210085765000180087865000230089665000230091966200270094277300900096920180803165332.0141027b xxu||||| |||| 00| 0 spa d aspa aMendoza Cifuentes, Humberto aEspecies de Rubiaceae del Departamento de Cundinamarca aBogotábInstituto Alexander von Humboldtc2004 a337 p. aIAVH-00637 aEsta lista de Rubiaceae para el departamento de Cundinamarca se plantea como una base de conocimiento para establecer posteriomente sistemas de medición que puedan extrapolarse a la biodiversidad de plantas vasculares del departamento. Se dan pautas de algunas especies que se pueden considerar como focales ya sea por su distribución restringida o grado de amenaza. En términos generales se encontro que en Cundinamarca se encuentra el 18 por ciento de las especies de Rubiaceae registradas en Colombia y se presenta información de 18 especies que posiblemente pueden usarse como focales. aConservación aEspecies focales aBiodiversidad aListas de especies aPlantas vasculares aColombiabCundinamarca0 dBogotá Informatica documental 2007o024802tInformes de investigaciones IAVH en PDF